00684nam a22002177a 450000500170000001000360001702000260005303500130007903500180009203700130011003700220012308200150014524500980016026000310025827000660028930000230035550000190037865000320039765000140042970000230044320100802111958.0 aENG-97248 B-423806-808 a9780415551472c595.00 aEN-80781 a B-423806-808 bDBAD/PUB bAllied Publishers a3060954552 aCriminal Tribes of punjab :ba social anthropological inquiry /cedited by Birinder Pal singh aNew DelhibRoutledgec2010 a912-915 Tolstoy house, 15-17 Tolstoy Marg bNew Delhie110001 alix,151pc21cm(Hb) aincludes index aBritish occupation of India acriminals aBirinder Pal singh